000 01544cam a22003977a 4500
003 CHAP
005 20220817043522.0
008 990309d1998 mx a r 00110 spa d
010 _a77196
011 _a78168
035 _a88030
040 _cCHAP
090 _aTesis
100 0 0 _aRodríguez González, María del Refugio.
_998551
245 1 0 _aAnálisis de la estructura económica de una comunidad rural :
_baplicación de la matriz de contabilidad social a Concordia, Coahuila
_c/por María del Refugio Rodríguez González
260 _aChapingo, Méx. :
_bEl autor,
_c1998.
300 _a74 h. :
_bilus. ; gráfs. ; mapas ; anexo
502 _aTesis (Ing. Agr. Esp. en Economía Agrícola) -- UACH. División de Ciencias Económico Administrativas
590 _aALEPH
_b10
_c20130110
_lUCH01
_h1428
590 _aBATCH-UPD
_b10
_c20130110
_lUCH01
_h0010
590 _aBATCH-UPD
_b10
_c20130110
_lUCH01
_h0456
590 _aBATCH-UPD
_b10
_c20130110
_lUCH01
_h2341
590 _aBATCH-UPD
_b10
_c20130409
_lUCH01
_h1947
590 _aBATCH-UPD
_b10
_c20130410
_lUCH01
_h1323
590 _aBATCH-UPD
_b10
_c20130914
_lUCH01
_h0953
590 _aCONVERSION
_b10
_c20130109
_lUCH01
_h1342
650 1 4 _aCoahuila
_xCondiciones económicas.
650 1 4 _aEjido Concordia, Coah.
_935858
650 1 4 _aPolítica agrícola
_xCoahuila.
_990302
790 0 _aProcampo
901 _aBK
905 _aAlejandra Carrasco M.
942 _cFOLL
949 _bBC
_cTES
_d33724000588364
_eTS2
_h33263
_i88030
_sb
949 _bBC
_cTES
_d880301
_eTS1
_h33262
_i88030
_sb
999 _c77196
_d77196